[Event "First Saturday 09 June"]
[Site "Budapest"]
[Date "2009.06.13"]
[Round "8"]
[White "Mester, Attila"]
[Black "Jasz, Peter"]
[Result "1/2-1/2"]
[WhiteElo "2095"]
[BlackElo "2007"]
[PlyCount "145"]
[EventDate "2009.06.06"]

1. e4 c5 2. Nf3 d6 3. d4 cxd4 4. Nxd4 Nf6 5. Nc3 g6 6. Be3 Bg7 7. f3 O-O 8. Qd2
Nc6 9. Bc4 Ne5 10. Bb3 Bd7 11. O-O-O Rc8 12. Kb1 Nc4 13. Bxc4 Rxc4 14. g4 b5
15. b3 Rc8 16. Ndxb5 Qa5 17. a4 a6 18. Nd5 Qd8 19. Bb6 Nxd5 20. Bxd8 axb5 21.
exd5 Rfxd8 22. Ka2 bxa4 23. b4 Rc3 24. Rhe1 Rdc8 25. Rc1 Bb5 26. Re3 a3 27. Re4
Bc4+ 28. Rxc4 R8xc4 29. b5 Bd4 30. Qe1 Rb4 31. Rb1 Rb2+ 32. Rxb2 axb2 33. b6
Rxc2 34. Qb1 Rc1 35. Qxb2 Bxb2 36. b7 Be5 37. b8=Q+ Kg7 38. Qe8 Rc2+ 39. Kb3
Rxh2 40. Qxe7 Rh3 41. Qd7 Rxf3+ 42. Kc2 Rg3 43. Kd2 Rh3 44. Ke2 h5 45. gxh5
Rxh5 46. Kf3 Rh4 47. Qe7 Rd4 48. Qb7 Rf4+ 49. Kg2 g5 50. Qe7 Rf6 51. Kh3 Bf4
52. Kg4 Rh6 53. Kf5 Rg6 54. Kg4 Rf6 55. Qe1 Rh6 56. Qc3+ Rf6 57. Qe1 Kh7 58.
Qe7 Kg7 59. Qe1 Rg6 60. Qc3+ Be5 61. Qc7 Rf6 62. Kxg5 Rf1 63. Qc8 f6+ 64. Kh5
Rh1+ 65. Kg4 Rg1+ 66. Kh4 Rg5 67. Qd7+ Kg6 68. Qe6 Bg3+ 69. Kh3 Be5 70. Kh4
Rh5+ 71. Kg4 Rg5+ 72. Kh4 Rh5+ 73. Kg4 1/2-1/2

[Event "First Saturday 09 June"]
[Site "Budapest"]
[Date "2009.06.14"]
[Round "9"]
[White "Steffenello, Leonard"]
[Black "Yip, Michael"]
[Result "1-0"]
[WhiteElo "2128"]
[BlackElo "2067"]
[PlyCount "77"]
[EventDate "2009.06.06"]

1. d4 Nf6 2. c4 e6 3. g3 d5 4. Bg2 Bb4+ 5. Bd2 Be7 6. Nf3 c6 7. Qc2 Nbd7 8. Bf4
O-O 9. Nbd2 Nh5 10. Be3 f5 11. Nb3 Nhf6 12. h3 Ne4 13. cxd5 exd5 14. Nfd2 Bd6
15. Nc5 Qe7 16. Ndxe4 fxe4 17. Nxd7 Bxd7 18. a3 a5 19. h4 Bg4 20. O-O-O Kh8 21.
Bh3 Bxh3 22. Rxh3 Qe6 23. Rh2 Rfc8 24. Kb1 a4 25. Bf4 Bf8 26. Be5 c5 27. Qc3 c4
28. h5 Kg8 29. f3 exf3 30. Qxf3 b5 31. h6 g6 32. e4 Rd8 33. exd5 Rxd5 34. Rf1
Re8 35. g4 Rd7 36. g5 b4 37. Rhf2 Qe7 38. axb4 Rb7 39. Qd5+ 1-0

[Event "First Saturday 09 June"]
[Site "Budapest"]
[Date "2009.06.14"]
[Round "9"]
[White "Mueller, Markus"]
[Black "Mendege, Andras"]
[Result "1-0"]
[WhiteElo "2152"]
[BlackElo "1818"]
[PlyCount "117"]
[EventDate "2009.06.06"]

1. e4 e6 2. Qe2 c5 3. Nf3 Nc6 4. g3 d6 5. Bg2 g6 6. O-O Bg7 7. c3 Nge7 8. Re1
O-O 9. d3 Qc7 10. Nbd2 Rb8 11. Nf1 b5 12. h4 b4 13. c4 Nd4 14. Nxd4 Bxd4 15. h5
Nc6 16. Ne3 Bh8 17. Qg4 Ne5 18. Qd1 Nc6 19. Ng4 Bg7 20. Bg5 f6 21. Be3 g5 22.
h6 Bh8 23. f4 gxf4 24. gxf4 Kf7 25. e5 fxe5 26. fxe5 Bxe5 27. Qf3+ Kg8 28. Qxc6
Qxc6 29. Bxc6 Bxb2 30. Rab1 Bc3 31. Rf1 Rb6 32. Be4 Rxf1+ 33. Rxf1 Bb7 34. Bxb7
Rxb7 35. Nf6+ Bxf6 36. Rxf6 Re7 37. Rf4 a5 38. Rg4+ Kf8 39. d4 cxd4 40. Bxd4 e5
41. Bb6 Re6 42. Bxa5 Rxh6 43. Bxb4 Ke7 44. a4 Rh3 45. Rg7+ Ke6 46. Rb7 Rh4 47.
a5 Rxc4 48. a6 Rc2 49. Rb6 Ra2 50. Rxd6+ Kf5 51. Bc5 Ra5 52. Bf2 e4 53. a7 Ra1+
54. Kg2 Ra2 55. Kf1 Ra1+ 56. Ke2 Ra2+ 57. Rd2 Ra3 58. Rd8 Ra2+ 59. Kd1 1-0

[Event "First Saturday 09 June"]
[Site "Budapest"]
[Date "2009.06.14"]
[Round "9"]
[White "Bodrogi, Laszlo"]
[Black "Havaskori, Laszlo"]
[Result "1-0"]
[WhiteElo "2050"]
[BlackElo "2035"]
[PlyCount "67"]
[EventDate "2009.06.06"]

1. d4 Nf6 2. c4 e6 3. Nc3 c5 4. d5 exd5 5. cxd5 d6 6. e4 Nbd7 7. f4 a6 8. a4
Qe7 9. Qc2 g6 10. Nf3 Bg7 11. Be2 O-O 12. O-O Re8 13. Nd2 Nf8 14. Bf3 Ng4 15.
Bxg4 Bxg4 16. Nc4 Bd4+ 17. Kh1 f5 18. e5 dxe5 19. fxe5 Bxe5 20. Nxe5 Qxe5 21.
Bf4 Qd4 22. h3 Bh5 23. a5 Nd7 24. d6 c4 25. g4 fxg4 26. Rad1 Qc5 27. h4 g3 28.
Rd5 Bf3+ 29. Rxf3 Re1+ 30. Kg2 Rg1+ 31. Kh3 Qc8 32. Bxg3 Ne5+ 33. d7 Nxd7 34.
Kh2 1-0

[Event "First Saturday 09 June"]
[Site "Budapest"]
[Date "2009.06.14"]
[Round "9"]
[White "Revesz, Zoltan"]
[Black "Schenkerik, Csaba"]
[Result "1-0"]
[WhiteElo "2258"]
[BlackElo "2215"]
[PlyCount "61"]
[EventDate "2009.06.06"]

1. e4 Nf6 2. e5 Nd5 3. d4 d6 4. c4 Nb6 5. exd6 exd6 6. Nc3 Be7 7. Qf3 Nc6 8.
Be3 Nb4 9. O-O-O c6 10. a3 Na6 11. c5 Nd5 12. Nxd5 cxd5 13. Bxa6 bxa6 14. Qxd5
Rb8 15. Qc6+ Qd7 16. Qxd7+ Bxd7 17. Bf4 O-O 18. d5 Rb5 19. c6 Bf5 20. Ne2 Rc5+
21. Nc3 g5 22. Be3 Rc4 23. Rd4 Rc5 24. Ra4 Rxc3+ 25. bxc3 Rb8 26. Rb4 Rb5 27.
Rxb5 axb5 28. Bxa7 Bf6 29. Bd4 Bxd4 30. cxd4 Be4 31. c7 1-0

[Event "First Saturday 09 June"]
[Site "Budapest"]
[Date "2009.06.15"]
[Round "10"]
[White "Havaskori, Laszlo"]
[Black "Revesz, Zoltan"]
[Result "0-1"]
[WhiteElo "2035"]
[BlackElo "2258"]
[PlyCount "48"]
[EventDate "2009.06.06"]

1. d4 d5 2. Nf3 Nf6 3. c4 e6 4. Nc3 c6 5. cxd5 exd5 6. Bg5 h6 7. Bxf6 Qxf6 8.
e3 Bd6 9. Qc2 O-O 10. h3 Re8 11. O-O-O b5 12. Bd3 Na6 13. Qd2 Nb4 14. Bb1 a5
15. Nh2 a4 16. a3 Na6 17. Ng4 Bxg4 18. hxg4 b4 19. Nxa4 bxa3 20. b3 Rab8 21.
Ba2 Nb4 22. Nc3 c5 23. g5 Qxg5 24. dxc5 Bxc5 0-1

[Event "First Saturday 09 June"]
[Site "Budapest"]
[Date "2009.06.15"]
[Round "10"]
[White "Mendege, Andras"]
[Black "Bodrogi, Laszlo"]
[Result "0-1"]
[WhiteElo "1818"]
[BlackElo "2050"]
[PlyCount "136"]
[EventDate "2009.06.06"]

1. e4 c5 2. Nf3 Nc6 3. d4 cxd4 4. Nxd4 Nf6 5. Nc3 d6 6. f3 g6 7. Be3 Bg7 8. Qd2
O-O 9. O-O-O Bd7 10. h4 Qa5 11. Nb3 Qc7 12. Nd5 Nxd5 13. exd5 Ne5 14. h5 Rfc8
15. hxg6 fxg6 16. Bd4 a5 17. Re1 a4 18. Na1 a3 19. b3 Bf5 20. f4 Nd3+ 21. Bxd3
Bxd4 22. Bxf5 Bb2+ 23. Kb1 gxf5 24. Qd3 Bxa1 25. Kxa1 Qxc2 26. Qxc2 Rxc2 27.
Rxe7 Rac8 28. Ree1 Rxg2 29. Rhg1 Rcc2 30. Rxg2+ Rxg2 31. Kb1 Rb2+ 32. Ka1 Rd2
33. Kb1 Rxd5 34. Re8+ Kf7 35. Ra8 h5 36. Rxa3 Rd4 37. Ra7 Rb4 38. Kc2 h4 39.
Kc3 h3 40. Kxb4 h2 41. Rxb7+ Kg6 42. Rb6 h1=Q 43. Rxd6+ Kf7 44. Rd4 Qa1 45. Rc4
Qxa2 46. Kc3 Qa3 47. Kc2 Ke6 48. Ra4 Qc5+ 49. Rc4 Qb5 50. Kc3 Qa5+ 51. Kc2 Kd5
52. Kd3 Qa1 53. Kc2 Qe1 54. Ra4 Kc5 55. Rc4+ Kb5 56. Ra4 Qf1 57. Kb2 Qd3 58.
Rc4 Qd2+ 59. Kb1 Kb6 60. Ra4 Qc3 61. Ka2 Kb5 62. Rc4 Qxc4 63. bxc4+ Kxc4 64.
Kb2 Kd3 65. Kc1 Ke3 66. Kd1 Kxf4 67. Ke2 Kg3 68. Kf1 Kf3 0-1

[Event "First Saturday 09 June"]
[Site "Budapest"]
[Date "2009.06.15"]
[Round "10"]
[White "Yip, Michael"]
[Black "Mueller, Markus"]
[Result "0-1"]
[WhiteElo "2067"]
[BlackElo "2152"]
[PlyCount "94"]
[EventDate "2009.06.06"]

1. d4 Nf6 2. c4 e6 3. Nc3 Bb4 4. Nf3 b6 5. Qc2 Bb7 6. a3 Bxc3+ 7. Qxc3 d6 8. e3
O-O 9. Be2 Nbd7 10. O-O Rc8 11. b4 c5 12. dxc5 Ne4 13. Qc2 bxc5 14. b5 d5 15.
Bb2 Qe7 16. Rfd1 Rfd8 17. a4 Nb6 18. cxd5 exd5 19. a5 Nd7 20. Qa4 Re8 21. Qa3
Qe6 22. Rac1 Qf5 23. Rf1 Rcd8 24. Bd3 Re6 25. Rc2 Rh6 26. Rd1 Qh5 27. Be2 Re8
28. Qa4 d4 29. h3 Ng5 30. Nxd4 Nxh3+ 31. Kf1 Bxg2+ 32. Ke1 Qh4 33. Rd3 Ne5 34.
Ra3 cxd4 35. Bxd4 Qxf2+ 36. Kd1 Nf3 37. Kc1 Nxd4 38. Qxd4 Rhe6 39. Qxa7 Qe1+
40. Kb2 Be4 41. Bg4 Bxc2 42. Bxe6 Qb1+ 43. Kc3 fxe6 44. Qd7 Bg6 45. b6 Nf2 46.
Rb3 Ne4+ 47. Kb4 Qxb3+ 0-1

[Event "First Saturday 09 June"]
[Site "Budapest"]
[Date "2009.06.15"]
[Round "10"]
[White "Mester, Attila"]
[Black "Steffenello, Leonard"]
[Result "0-1"]
[WhiteElo "2095"]
[BlackElo "2128"]
[PlyCount "90"]
[EventDate "2009.06.06"]

1. e4 c6 2. d4 d5 3. e5 Bf5 4. h4 h6 5. g4 Bd7 6. h5 c5 7. c3 Nc6 8. f4 e6 9.
Nf3 Qb6 10. Rh2 Rc8 11. Be3 cxd4 12. cxd4 Na5 13. Nc3 Bb4 14. Rc2 Ba4 15. Kf2
Bxc2 16. Qxc2 Qc6 17. Kg3 Ne7 18. f5 Bxc3 19. bxc3 Nc4 20. Bc1 Qc7 21. Bf4 Qa5
22. Rc1 b5 23. f6 gxf6 24. exf6 Nc6 25. Bxc4 bxc4 26. g5 hxg5 27. Nxg5 Qd8 28.
Nxe6 fxe6 29. Qg6+ Kd7 30. Qg7+ Ne7 31. fxe7 Qxe7 32. Qe5 Rhg8+ 33. Kh3 Qf8 34.
Rb1 Qf5+ 35. Qxf5 exf5 36. Rb7+ Ke6 37. h6 Rg1 38. h7 Rh8 39. Bh2 Rg4 40. Bg3
f4 41. Bf2 Rg5 42. Rxa7 Rh5+ 43. Kg2 R8xh7 44. Ra6+ Kf5 45. Kf3 Rh3+ 0-1

[Event "First Saturday 09 June"]
[Site "Budapest"]
[Date "2009.06.16"]
[Round "11"]
[White "Steffenello, Leonard"]
[Black "Jasz, Peter"]
[Result "1-0"]
[WhiteElo "2128"]
[BlackElo "2007"]
[PlyCount "35"]
[EventDate "2009.06.06"]

1. d4 Nf6 2. c4 g6 3. Nc3 Bg7 4. e4 d6 5. Be2 O-O 6. Nf3 e5 7. dxe5 dxe5 8.
Qxd8 Rxd8 9. Bg5 c6 10. Nxe5 Re8 11. O-O-O Na6 12. f4 h6 13. Bh4 g5 14. fxg5
Nxe4 15. Nxe4 Bxe5 16. Rhf1 hxg5 17. Bxg5 Be6 18. Bh5 1-0

[Event "First Saturday 09 June"]
[Site "Budapest"]
[Date "2009.06.16"]
[Round "11"]
[White "Mueller, Markus"]
[Black "Mester, Attila"]
[Result "1/2-1/2"]
[WhiteElo "2152"]
[BlackElo "2095"]
[PlyCount "37"]
[EventDate "2009.06.06"]

1. e4 c5 2. Nf3 Nc6 3. Bb5 Qb6 4. Nc3 e6 5. Bxc6 bxc6 6. d3 d5 7. O-O Nf6 8. b3
Be7 9. Re1 O-O 10. Na4 Qc7 11. c4 d4 12. Ba3 Nd7 13. Qd2 e5 14. Qe2 Bd6 15. Bc1
Nb6 16. Nb2 Bg4 17. h3 Bd7 18. Nh4 g6 19. Bh6 1/2-1/2

[Event "First Saturday 09 June"]
[Site "Budapest"]
[Date "2009.06.16"]
[Round "11"]
[White "Bodrogi, Laszlo"]
[Black "Yip, Michael"]
[Result "0-1"]
[WhiteElo "2050"]
[BlackElo "2067"]
[PlyCount "110"]
[EventDate "2009.06.06"]

1. e4 e5 2. Nf3 Nc6 3. Bb5 a6 4. Ba4 Nf6 5. O-O Be7 6. Re1 b5 7. Bb3 d6 8. c3
O-O 9. h3 Na5 10. Bc2 c5 11. d4 Qc7 12. Nbd2 Nc6 13. d5 Nd8 14. a4 Rb8 15. axb5
axb5 16. c4 b4 17. Nb3 Ne8 18. Be3 g6 19. Bh6 Ng7 20. g4 f6 21. Kh2 Nf7 22.
Bxg7 Kxg7 23. Ra2 Bb7 24. Qa1 Ra8 25. Na5 Rfb8 26. Nd2 Nd8 27. Nxb7 Qxb7 28.
Ba4 Qc8 29. b3 Ra5 30. Kg3 Rba8 31. Nf3 R8a7 32. Ree2 Qc7 33. Ne1 Nf7 34. Nd3
Kg8 35. f4 Qd8 36. f5 Bf8 37. h4 Bh6 38. fxg6 hxg6 39. Be8 Nh8 40. Bd7 Qa8 41.
Rxa5 Rxa5 42. Qf1 Kg7 43. Rf2 Ra1 44. Qg2 Be3 45. Rf1 Rxf1 46. Qxf1 Qa2 47. Qd1
Nf7 48. Be8 Nh6 49. h5 gxh5 50. Bxh5 Bg5 51. Kf3 Ng8 52. Be8 Qh2 53. Nf2 Bh4
54. Nd3 Qg3+ 55. Ke2 Qg2+ 0-1

[Event "First Saturday 09 June"]
[Site "Budapest"]
[Date "2009.06.16"]
[Round "11"]
[White "Revesz, Zoltan"]
[Black "Mendege, Andras"]
[Result "1/2-1/2"]
[WhiteElo "2258"]
[BlackElo "1818"]
[PlyCount "25"]
[EventDate "2009.06.06"]

1. e4 e6 2. d4 d5 3. Nc3 dxe4 4. Nxe4 Bd7 5. Nf3 Bc6 6. Bd3 Nd7 7. O-O Ngf6 8.
Qe2 Be7 9. Ne5 Bxe4 10. Bxe4 c6 11. c4 Nxe4 12. Qxe4 O-O 13. Bf4 1/2-1/2